QUEST Central Library Banner

Teaching English as a second Language (Record no. 5357)

MARC details
000 -LEADER
fixed length control field 00256nam a2200109 4500
082 ## - DEWEY DECIMAL CLASSIFICATION NUMBER
Classification number 428GEO
100 ## - MAIN ENTRY--AUTHOR NAME
Personal name George, Sebastian
245 ## - TITLE STATEMENT
Title Teaching English as a second Language
260 ## - PUBLICATION, DISTRIBUTION, ETC. (IMPRINT)
Place of publication New Delhi:
Name of publisher Commonwealth,
Year of publication 2009.
300 ## - PHYSICAL DESCRIPTION
Number of Pages 261p. ;
942 ## - ADDED ENTRY ELEMENTS (KOHA)
Koha item type Books
Holdings
Withdrawn status Lost status Home library Current library Date acquired Cost, normal purchase price Full call number Accession Number Koha item type
    Central Library, QUEST, Nawabshah Seminar Library, Energy & Environ. Engg. 05/06/2014 1451.00 428GEO 46287 Books

Copyright © 2018,The QUEST, Nawabshah, Shaheed Benazirabad. All rights reserved
Mr. G. Farooq Channar (Librarian) QUEST, Nawabshah, Sindh, Pakistan 67480.
 Ph#: |   0244-9370381-4 Ext. 2308   Email| lib@quest.edu.pk   Web|  http://www.quest.edu.pk